|
|
|
|
| LEADER |
00000nas a2200000 a 4500 |
| 001 |
ssj0008826 |
| 003 |
WaSeSS |
| 005 |
20200512172242.0 |
| 006 |
m d |
| 007 |
cr n |
| 008 |
040414c19469999oncqr pss 0 0eng c |
| 010 |
|
|
|a 2004235689
|
| 016 |
7 |
|
|a 2030381-6
|2 DE-600
|
| 022 |
|
|
|y 0031-8299
|
| 035 |
|
|
|a (WaSeSS)ssj0008826
|
| 040 |
|
|
|a EYM
|b eng
|c EYM
|d HUL
|d EYM
|d OCLCQ
|d OCLCF
|d TWT
|d UMC
|d OCLCE
|d OCLCO
|d OCLCQ
|d DEBBG
|d VT2
|d OCLCO
|d GILDS
|d OCLCO
|d U3W
|d UHL
|d OCLCQ
|d CUS
|d WaSeSS
|
| 041 |
0 |
|
|a eng
|a fre
|
| 042 |
|
|
|a pcc
|a dlr
|
| 050 |
1 |
4 |
|a PA1
|
| 130 |
0 |
|
|a Phoenix (Toronto, Ont. : Online)
|
| 245 |
1 |
4 |
|a The phoenix
|h [electronic resource].
|
| 260 |
|
|
|a Toronto :
|b Ontario Classical Association,
|c 1946-
|
| 310 |
|
|
|a Quarterly,
|b 1951-
|
| 321 |
|
|
|a Three no. a year,
|b 1946-1950
|
| 362 |
0 |
|
|a Vol. 1, no. 1 (1946)-
|
| 500 |
|
|
|a Title from title screen (JSTOR, viewed Apr. 14, 2004).
|
| 500 |
|
|
|a Publisher varies: Classical Association of Canada, autumn 1947-winter 1951; University of Toronto Press for the Classical Association of Canada, spring 1952-
|
| 506 |
|
|
|a License restrictions may limit access.
|
| 515 |
|
|
|a Some issues combined.
|
| 538 |
|
|
|a Master and use copy. Digital master created according to Benchmark for Faithful Digital Reproductions of Monographs and Serials, Version 1. Digital Library Federation, December 2002.
|u http://purl.oclc.org/DLF/benchrepro0212
|5 MiAaHDL
|
| 546 |
|
|
|a Includes some text in French.
|
| 550 |
|
|
|a Journal of the Ontario Classical Association, 1946-spring 1947; of the Classical Association of Canada, autumn 1947-
|
| 583 |
1 |
|
|a digitized
|c 2010
|h HathiTrust Digital Library
|l committed to preserve
|2 pda
|5 MiAaHDL
|
| 588 |
|
|
|a Latest issue consulted: Vol. 64, no. 3/4 (fall-winter 2010) (JSTOR, viewed May 22, 2014).
|
| 650 |
|
0 |
|a Classical philology
|v Periodicals.
|
| 650 |
|
7 |
|a Classical philology.
|2 fast
|0 (OCoLC)fst00863532
|
| 650 |
1 |
7 |
|a Klassieke talen.
|2 gtt
|
| 650 |
1 |
7 |
|a Filologie.
|2 gtt
|
| 650 |
1 |
7 |
|a Klassieke oudheid.
|2 gtt
|
| 655 |
|
0 |
|a Electronic journals.
|
| 710 |
2 |
|
|a Ontario Classical Association.
|
| 710 |
2 |
|
|a Classical Association of Canada.
|
| 776 |
0 |
8 |
|i Print version:
|t Phoenix
|x 0031-8299
|w (DLC) 52015373
|w (OCoLC)1762296
|
| 856 |
4 |
0 |
|z Full text available from Research Library: 04/01/2002 to 3 years ago
|u https://search.proquest.com/publication/37693
|